Which Currency? -Click Quiz - Statistics

General Stats
  • This quiz has been taken 51 times
  • The average score is 32 of 40
Answer Stats
Hint Answer % Correct
Saudi Arabia Rial/Riyal
100%
Australia Dollar
97%
Canada Dollar
94%
Belgium Euro
94%
Greece Euro
94%
France Euro
94%
Spain Euro
94%
Netherlands
Euro
94%
Chile Peso
94%
United Kingdom Pound
94%
United States Dollar
92%
New Zealand Dollar
92%
Argentina Peso
92%
Cuba Peso
92%
Uruguay Peso
92%
Yemen Rial/Riyal
92%
Russia Ruble
92%
Austria Euro
89%
Estonia Euro
89%
Switzerland Franc
89%
Singapore Dollar
86%
Colombia Peso
86%
Mexico Peso
86%
Qatar Rial/Riyal
86%
Belarus Ruble
86%
Iran Rial/Riyal
83%
Philippines Peso
78%
Oman Rial/Riyal
78%
Kenya Shilling
78%
Liberia Dollar
75%
Tanzania Shilling
67%
Uganda Shilling
64%
Zimbabwe Dollar
58%
Sudan Pound
53%
Syria Pound
50%
Lebanon Pound
47%
Somalia Shilling
47%
Comoros Franc
42%
Djibouti Franc
39%
Liechtenstien Franc
39%
No matching quizzes found
Score Distribution
Percent of People with Each Score
Percentile by Number Answered
Your Score History
You have not taken this quiz